=Auto da barca do inferno (Record no. 47344)

MARC details
000 -LÍDER
campo de controle de tamanho fixo 00370 a2200157 4500
001 - NÚMERO DE CONTROLE
campo de controle 47344
020 ## - ISBN - INTERNATIONAL STANDARD BOOK NUMBER
ISBN - International Standard Book Number 8516050238(broch.)
040 ## - FONTE DA CATALOGAÇÃO
Instituição que transcreveu o registro Anchieta - Aquarius
100 ## - ENTRADA PRINCIPAL--NOME PESSOAL
Nome pessoal Maia, João Domingues
240 10 - TÍTULO UNIFORME
Título uniforme =Auto da barca do inferno
Idioma da obra por
245 10 - TÍTULO
Título =Auto da barca do inferno
300 ## - DESCRIÇÃO FÍSICA
Extensão 96p.
362 0# - DATAS DE PUBLICAÇÃO E/OU DESIGNAÇÃO SEQUENCIAL
Datas de publicação e/ou designação sequencial 2006
650 #4 - ASSUNTO--TERMO TÓPICO
Cabeçalho tópico ou nome geográfico Literatura brasileira
942 ## - ELEMENTOS DE ENTRADA ADICIONADOS (KOHA)
Tipo de material Koha Livros
Holdings
Situação do descarte Situação das perdas Situação física Não pode ser emprestado Biblioteca de origem Biblioteca atual Data de aquisição Total de empréstimos Número de chamada completo Código de barras Data de último acesso Data do preço efetivo Tipo de material Koha Fonte da classificação ou esquema de arquivamento na estante
        Colégio Anchieta - Aquarius Colégio Anchieta - Aquarius 21/11/2023   869.93 VIC AUT 5937/AQU 21/11/2023 21/11/2023 Livros  
        Domus - Itaim Bibi Domus - Itaim Bibi 03/05/2024   790 T828a 9788563219473 03/05/2024 03/05/2024 Livros Classificação Decimal de Dewey